Loading...
| Beliefs - Mythology | 1 | 3 | 0 | 1 | 45 | 34 | 106.75 | 1 | 4 |
| Science - Physics | 0 | 2 | 0 | 0 | 20 | 120 | 122.50 | 1 | 2 |
| Science - Other Science | 0 | 2 | 0 | 1 | 20 | 124 | 128.00 | 1 | 2 |
| Thought - Philosophy | 0 | 2 | 0 | 2 | 20 | 122 | 124.50 | 0 | 2 |
| Science - Chemistry | 1 | 2 | 3 | 0 | 20 | 79 | 100.00 | 2 | 3 |
| Literature - American Lit | 1 | 0 | 0 | 0 | 15 | 13 | 13.00 | 1 | 1 |
| Literature - World Lit | 1 | 0 | 0 | 0 | 15 | 64 | 64.00 | 1 | 1 |
| Arts - Music | 0 | 1 | 0 | 1 | 10 | 129 | 129.00 | 0 | 1 |
| Science - Biology | 0 | 1 | 0 | 1 | 10 | 120 | 120.00 | 0 | 1 |
| Science - Engineering | 0 | 1 | 0 | 0 | 10 | 111 | 111.00 | 0 | 1 |
| History - Other History | 0 | 1 | 1 | 0 | 5 | 92 | 92.00 | 1 | 1 |
| Other - Other Academic | 0 | 1 | 2 | 1 | 0 | 122 | 122.00 | 0 | 1 |
| Other - Geo/CE | 0 | 0 | 1 | 0 | -5 | 0.00 | 0 | 0 |